000 00801cam a22002175a 4500
001 L159228
008 160321s2014 xxk f 000 0 eng d
020 _a9781849464482
035 _a(Sirsi) u159228
041 0 _aeng
050 0 4 _a711.1
100 1 _aBarnes, Michael
245 0 4 _aThe law of compulsory purchase and compensation
260 _aOxford
_bHart Publishing
_c2014
300 _a1xv, 592p, 25cm
520 _aStatement of the current law of compulsory purchase of land and compensation for that purchase. Covers all major aspects of the procedure for the compulsory acquisition of land and gives full details of all aspects of the law of compensation for such an acquisition.
590 _aKA
651 4 _aUnited Kingdom
690 _aCompulsory purchase
_96228
942 _n0
999 _c115750
_d115750